Chrousti a boj s nimi /

Hlavní autor: Kratochvíl, Josef, 1909-1992
Jazyk: Čeština
Vydáno: Praha : Československá akademie věd, 1953
Vydání: 1. vyd.
Edice: Věda mění život. Sekce biologická
Témata:
Fyzický popis: 153, 2 s.
Knihy
Uloženo v:
LEADER 01115nam a22002892a 4500
001 000741952
003 CZ BrMZK
005 20150327165954.0
007 ta
008 041011s1953 xr er|||||||||||cze d
015 |a cnb000508486 
035 |a (OCoLC)8084829 
040 |a BOA001  |b cze 
100 1 |a Kratochvíl, Josef,  |d 1909-1992  |7 jk01062981  |4 edt 
245 1 0 |a Chrousti a boj s nimi /  |c za red. J. Kratochvíla zprac. kol. aut. 
250 |a 1. vyd. 
260 |a Praha :  |b Československá akademie věd,  |c 1953 
300 |a 153, 2 s. 
490 1 |a Věda mění život. Sekce biologická ;  |v sv. 3 
504 |a Obsahuje bibliografii. 
830 0 |a Věda mění život.  |p Sekce biologická  |0 s 
910 |a BOA001  |b 2-0306.389  |b PK-0004.677 
964 |a Chrousti - ochrana - sborníky 
990 |a BK 
996 6 |b 2618826517  |c 2-0306.389  |l MZK  |r Sklad / do 24 hodin  |n 0  |w 000741952  |u 000030  |a 1  |e BOA001  |j MZK50  |s P 
996 7 |b 3119678358  |c PK-0004.677  |l MZK  |r Sklad / do 1 hodiny  |n 1  |w 000741952  |u 000010  |a 1  |e BOA001  |j MZK50  |s A 
996 7 |b 3119678359  |c PK-0004.677  |l MZK  |r Sklad / do 1 hodiny  |n 1  |w 000741952  |u 000020  |a 1  |e BOA001  |j MZK50  |s A